Mecánica de los fluidos
Publicado:
Barcelona :
Servicio de Extensión de Enseñanzas Técnicas de la Diputación Prov. de Barcelona. Editorial y Escuela por correspondencia ,
1941
Descripción Física:
50 p. : il. ; 22 cm
Otros Autores:
Servicio de Extensión de Enseñanzas Técnicas
Materias:
Mecànica de fluids
MARC
| LEADER | 00000nam a2200000Ia 4500 | ||
|---|---|---|---|
| 001 | 8489 | ||
| 008 | 160829s1941 xx 000 0 cat d | ||
| 080 | |a C-1-434 | ||
| 245 | |a Mecánica de los fluidos | ||
| 260 | |a Barcelona : |b Servicio de Extensión de Enseñanzas Técnicas de la Diputación Prov. de Barcelona. Editorial y Escuela por correspondencia, |c 1941 | ||
| 300 | |a 50 p. : |b il. ; |c 22 cm | ||
| 650 | |a Mecànica de fluids |9 24994 | ||
| 700 | |a Servicio de Extensión de Enseñanzas Técnicas |9 22818 | ||
| 710 | 1 | |a Barcelona (Catalunya : Província). |b Diputació |9 52408 | |
| 901 | |a Arxiu | ||
| 942 | |n 1 | ||
| 952 | |0 0 |1 0 |4 0 |6 C1434 |7 1 |9 47915 |a Arxiu |b Arxiu |d 2016-12-01 |l 0 |o C-1-434 |p 8489 |r 2016-12-01 00:00:00 |w 2016-12-01 |y ARXIU | ||
| 999 | |c 51715 |d 51715 | ||